Les pays que j'aime le plus en 2026 - Statistiques

Statistiques générales
  • Ce quiz a été pris 110 fois
    7 depuis la dernière actualisation
  • Le résultat moyen est 8 sur 15
Réponses sur la Carte
Les réponses sont colorées sur une échelle allant du rouge au vert en fonction du pourcentage des utilisateurs qui les ont devinées à leur premier essai. Vous pouvez retrouver ces pourcentages ci-dessous.
 
Statistiques - réponses
Réponse % Correct
France
100%
Allemagne
67%
Belgique
67%
Brésil
67%
Canada
67%
Espagne
67%
Japon
67%
Corée du Sud
50%
Grèce
50%
Inde
50%
Finlande
33%
Portugal
33%
Taiwan
33%
Pologne
17%
Estonie
0%
Aucun quiz correspondant
Distribution des résultats
% des personnes avec chaque résultat
Percentile par nombre de réponses
Votre historique - résultats
Vous n’avez pas pris ce quiz depuis la dernière actualisation